Statistics for Flags with Brown

Click here to take the quiz!

General Stats

  • This quiz has been taken 16 times
  • The average score is 7 of 15

Answer Stats

Country% Correct
Andorra
77%
Belize
62%
Mexico
62%
Dominica
54%
Moldova
54%
Argentina
46%
Guatemala
46%
Costa Rica
38%
Uruguay
38%
Vatican City
38%
Croatia
31%
Equatorial Guinea
31%
Haiti
31%
Eswatini
23%
Fiji
23%

Score Distribution

Percentile by Number Answered

Percent of People with Each Score

Your Score History

You have not taken this quiz